[Event "18th Asian-ch"]
[Site "New Delhi IND"]
[Date "2022.11.02"]
[Round "8.29"]
[White "Suleymenov, Alisher"]
[Black "Sharan, Rao"]
[Result "1/2-1/2"]
[WhiteElo "2491"]
[BlackElo "2350"]
[EventDate "2022.10.26"]
[PlyCount "122"]

1.e4 c6 2.d4 d5 3.e5 c5 4.dxc5 e6 5.Be3 Nd7 6.Nf3 Bxc5 7.Bxc5 Nxc5 8.Qd4 
Qb6 9.Nbd2 Ne7 10.Nb3 Ne4 11.Bd3 Nc6 12.Qxb6 axb6 13.O-O Nc5 14.Be2 Ke7 
15.Rfe1 Bd7 16.Bf1 f6 17.a3 Rhc8 18.exf6+ gxf6 19.Nbd4 Nxd4 20.Nxd4 Kd6 
21.c3 e5 22.Nb5+ Bxb5 23.Bxb5 Ra5 24.Be2 Ne6 25.Rad1 Rc7 26.Rd2 f5 27.g3 
Rd7 28.Bf1 e4 29.f4 Ke7 30.Kf2 d4 31.cxd4 Rxd4 32.Rxd4 Nxd4 33.Rd1 Ne6 34.
Ke3 Rc5 35.Rd2 Nc7 36.Be2 Nd5+ 37.Kd4 Nf6 38.Bc4 Kd6 39.a4 Rc7 40.Kc3+ Ke7
41.Kb4 Rc5 42.b3 h6 43.Kc3 Rc6 44.Ra2 Ng4 45.Re2 Rd6 46.Kb4 Nf6 47.a5 
bxa5+ 48.Kxa5 h5 49.Kb5 h4 50.Ra2 hxg3 51.hxg3 Nh5 52.Rh2 Nxg3 53.Rh3 Rg6 
54.Rh7+ Kd6 55.Rxb7 Rg4 56.Rb6+ Ke7 57.Rb7+ Kf6 58.Rb6+ Kg7 59.Rb7+ Kh6 
60.Rb6+ Rg6 61.Rb8 Rg4 1/2-1/2

[Event "18th Asian-ch"]
[Site "New Delhi IND"]
[Date "2022.11.02"]
[Round "8.30"]
[White "Liyanage Ranindu, Dilshan"]
[Black "Batchuluun, Tsegmed"]
[Result "1/2-1/2"]
[WhiteElo "2310"]
[BlackElo "2487"]
[EventDate "2022.10.26"]
[PlyCount "88"]

1.c4 e5 2.Nc3 Nf6 3.Nf3 Nc6 4.e4 Bb4 5.d3 h6 6.a3 Bxc3+ 7.bxc3 d6 8.g3 O-O
9.Bg2 Bg4 10.h3 Be6 11.Nh4 Nh7 12.O-O Rb8 13.Nf5 Ne7 14.Nxe7+ Qxe7 15.f4 
f5 16.exf5 Bxf5 17.Qe2 b6 18.g4 Bc8 19.Bd2 Bb7 20.Bxb7 Rxb7 21.Rae1 Re8 
22.fxe5 dxe5 23.Bf4 Qxa3 24.Qe4 c6 25.Qxc6 Qc5+ 26.Qxc5 bxc5 27.Rxe5 Rxe5 
28.Bxe5 Ng5 29.h4 Nf7 30.Bf4 Rb3 31.Rc1 a5 32.d4 g5 33.hxg5 hxg5 34.Bh2 a4
35.dxc5 a3 36.c6 a2 37.c7 Rb1 38.c8=Q+ Kg7 39.Rxb1 axb1=Q+ 40.Kg2 Qe4+ 41.
Kg1 Qe1+ 42.Kg2 Qe2+ 43.Kg1 Qe1+ 44.Kg2 Qe2+ 1/2-1/2

[Event "18th Asian-ch"]
[Site "New Delhi IND"]
[Date "2022.11.02"]
[Round "8.31"]
[White "Panda, Sambit"]
[Black "Mitrabha, Guha"]
[Result "0-1"]
[WhiteElo "2362"]
[BlackElo "2474"]
[EventDate "2022.10.26"]
[PlyCount "116"]

1.d4 d5 2.c4 e6 3.Nc3 Nf6 4.cxd5 exd5 5.Bg5 Bb4 6.e3 h6 7.Bh4 g5 8.Bg3 Ne4
9.a3 Nxc3 10.Qb3 Ne4+ 11.Qxb4 Nc6 12.Qb3 h5 13.f3 Nxg3 14.hxg3 Ne7 15.g4 
h4 16.Nh3 Rg8 17.Bd3 c6 18.O-O Qc7 19.e4 Qb6 20.Qxb6 axb6 21.exd5 Nxd5 22.
Rae1+ Kf8 23.Bc4 Nc7 24.Re5 Ra4 25.Bb3 Ra5 26.Rxa5 bxa5 27.Re1 b6 28.d5 c5
29.d6 Nb5 30.Rd1 Nd4 31.Ba4 Be6 32.Rd2 b5 33.Bd1 a4 34.Nf2 Nc6 35.Ne4 c4 
36.Nc3 Na7 37.Bc2 Ke8 38.Ne4 Kd8 39.Nc5 Nc6 40.Be4 Na5 41.Bc2 Nb3 42.Bxb3 
axb3 43.Kf2 Bd7 44.Rd4 Re8 45.Ne4 Re5 46.a4 bxa4 47.Rxc4 a3 48.bxa3 b2 49.
Rb4 Rb5 50.Nc3 Rxb4 51.axb4 Ba4 52.Ke3 Bc2 53.Kd4 Kd7 54.Ke5 Bd3 55.f4 
gxf4 56.Kxf4 Kxd6 57.g5 b1=Q 58.Nxb1 Bxb1 0-1

[Event "18th Asian-ch"]
[Site "New Delhi IND"]
[Date "2022.11.02"]
[Round "8.32"]
[White "Sattarov, Bobir"]
[Black "Winkelman, Albert"]
[Result "1/2-1/2"]
[WhiteElo "2433"]
[BlackElo "2229"]
[EventDate "2022.10.26"]
[PlyCount "98"]

1.d4 Nf6 2.Nf3 b6 3.Bg5 Ne4 4.Bh4 g6 5.Nbd2 d5 6.e3 Bg7 7.Be2 O-O 8.O-O c5
9.c3 Nc6 10.Nxe4 dxe4 11.Nd2 cxd4 12.cxd4 Bb7 13.Qa4 Qd5 14.Bc4 Qh5 15.Bg3
a6 16.Qd1 Qf5 17.Rc1 Na5 18.Be2 e5 19.d5 Bxd5 20.b4 Nc6 21.Nc4 Rad8 22.
Nxb6 Bc4 23.Rxc4 Rxd1 24.Rxd1 Qe6 25.Bf1 a5 26.Nd7 Rd8 27.b5 Nb4 28.Rc7 
Nd3 29.b6 Rxd7 30.b7 Rxc7 31.b8=Q+ Rc8 32.Qb7 Qc6 33.Qxc6 Rxc6 34.f3 Bh6 
35.fxe4 Bxe3+ 36.Kh1 Nf2+ 37.Bxf2 Bxf2 38.g3 Rc2 39.Rd7 Bd4 40.a4 f5 41.
exf5 gxf5 42.Bd3 Rf2 43.Bc4+ Kh8 44.h4 f4 45.g4 Rf3 46.g5 h6 47.gxh6 Rh3+ 
48.Kg2 Rxh4 49.h7 Rxh7 1/2-1/2

[Event "18th Asian-ch"]
[Site "New Delhi IND"]
[Date "2022.11.02"]
[Round "8.33"]
[White "Jaiswal, Rupesh"]
[Black "Amartuvshin, Ganzorig"]
[Result "0-1"]
[WhiteElo "2135"]
[BlackElo "2406"]
[EventDate "2022.10.26"]
[PlyCount "140"]

1.e4 c5 2.Nf3 e6 3.g3 Nc6 4.Bg2 Nf6 5.Qe2 e5 6.O-O Be7 7.c3 O-O 8.Na3 Re8 
9.d3 h6 10.Nc4 Bf8 11.Ne3 d5 12.Nxd5 Nxd5 13.exd5 Qxd5 14.Be3 Bg4 15.h3 
Bh5 16.Rfd1 Rad8 17.g4 Bg6 18.Nd4 Nxd4 19.cxd4 Qd7 20.dxc5 Bxd3 21.Rxd3 
Qxd3 22.Qxd3 Rxd3 23.Bxb7 Rxe3 24.fxe3 Bxc5 25.Kf2 Rb8 26.Bd5 Rxb2+ 27.Kf3
Rd2 28.e4 Rf2+ 29.Kg3 g6 30.Rc1 Be3 31.Rc3 Bb6 32.Rf3 Rd2 33.Bxf7+ Kg7 34.
Bd5 g5 35.Rf7+ Kg6 36.Rf3 Bg1 37.Ra3 Rc2 38.Ra6+ Bb6 39.Ra4 Rc3+ 40.Kg2 
Rc2+ 41.Kg3 Kg7 42.Ra3 Bg1 43.Ra6 Bf2+ 44.Kf3 Bb6 45.Ra3 Kf6 46.Kg3 Ke7 
47.Rf3 Rb2 48.Rf7+ Kd6 49.Rf6+ Kc5 50.Rxh6 Ba5 51.Kf3 Be1 52.Ke3 Rh2 53.
Kd3 a5 54.Rc6+ Kb5 55.a4+ Kxa4 56.Rc2 Rxh3+ 57.Kc4 Ka3 58.Kb5 Rb3+ 59.Bxb3
Kxb3 60.Rc5 a4 61.Rxe5 a3 62.Re8 a2 63.Ra8 Bc3 64.Kc6 Bb4 65.Rxa2 Kxa2 66.
Kd7 Kb3 67.Ke6 Ba5 68.e5 Kc4 69.Kf7 Kd5 70.e6 Bd8 0-1

[Event "18th Asian-ch"]
[Site "New Delhi IND"]
[Date "2022.11.02"]
[Round "8.34"]
[White "Laxman, Rajaram"]
[Black "Jain Kashish, Manoj"]
[Result "1/2-1/2"]
[WhiteElo "2378"]
[BlackElo "2300"]
[EventDate "2022.10.26"]
[PlyCount "60"]

1.d4 Nf6 2.Nf3 d5 3.c4 c6 4.g3 e6 5.Qc2 dxc4 6.Qxc4 b5 7.Qc2 Bb7 8.Bg2 
Nbd7 9.Ne5 Rc8 10.O-O Qb6 11.Nxd7 Nxd7 12.Nc3 Be7 13.Rd1 O-O 14.Bf4 Nf6 
15.Ne4 Nxe4 16.Bxe4 c5 17.Bxb7 Qxb7 18.dxc5 Bxc5 19.Qd3 Bb6 20.Rac1 Rfd8 
21.Qf3 Qxf3 22.exf3 Rxd1+ 23.Rxd1 Rc2 24.Rd2 Rxd2 25.Bxd2 Kf8 26.Kf1 Ke7 
27.Ke2 Kd6 28.Be3 Bxe3 29.fxe3 Kc5 30.Kd3 a5 1/2-1/2

[Event "18th Asian-ch"]
[Site "New Delhi IND"]
[Date "2022.11.02"]
[Round "8.35"]
[White "Kakabaev, Mergen"]
[Black "De Silva, L. M. S. T."]
[Result "0-1"]
[WhiteElo "2285"]
[BlackElo "2516"]
[EventDate "2022.10.26"]
[PlyCount "76"]

1.e4 e5 2.Nf3 Nc6 3.Bb5 a6 4.Ba4 Nf6 5.O-O Be7 6.Re1 b5 7.Bb3 O-O 8.c3 d5 
9.exd5 Nxd5 10.Nxe5 Nxe5 11.Rxe5 c6 12.d4 Bd6 13.Re1 Qh4 14.g3 Qh3 15.Be3 
Bg4 16.Qd3 f5 17.f4 Kh8 18.Bxd5 cxd5 19.Nd2 Rae8 20.a4 bxa4 21.Rxa4 g5 22.
Qf1 Qh5 23.Raa1 Re6 24.fxg5 Rfe8 25.Bf4 Bh3 26.Qf2 Re2 27.Rxe2 Rxe2 28.
Bxd6 Rxf2 29.Kxf2 Bg4 30.h4 Qe8 31.Be5+ Kg8 32.Ra5 Qe6 33.Ke3 f4+ 34.Kxf4 
Bh5 35.Ke3 Qg4 36.Kd3 Qe2+ 37.Kc2 Qd1+ 38.Kd3 Bg6+ 0-1

[Event "18th Asian-ch"]
[Site "New Delhi IND"]
[Date "2022.11.02"]
[Round "8.38"]
[White "Hossain, Enamul"]
[Black "Muhammed, Shuaau"]
[Result "1-0"]
[WhiteElo "2390"]
[BlackElo "2010"]
[EventDate "2022.10.26"]
[PlyCount "38"]

1.e4 e5 2.Nf3 Nc6 3.Bb5 a6 4.Ba4 Nf6 5.O-O Be7 6.Re1 b5 7.Bb3 d6 8.c3 O-O 
9.h3 Nb8 10.d4 Nbd7 11.c4 c6 12.Nc3 Bb7 13.a3 bxc4 14.Bxc4 Nxe4 15.Nxe4 d5
16.Neg5 dxc4 17.Qc2 g6 18.dxe5 Nc5 19.Qxc4 Nd3 1-0

[Event "18th Asian-ch"]
[Site "New Delhi IND"]
[Date "2022.11.02"]
[Round "8.39"]
[White "Singh, Ojasva"]
[Black "Krishna Teja, N."]
[Result "1-0"]
[WhiteElo "2382"]
[BlackElo "2359"]
[EventDate "2022.10.26"]
[PlyCount "87"]

1.e4 e5 2.Nf3 Nc6 3.Bb5 a6 4.Ba4 Nf6 5.O-O Be7 6.Re1 b5 7.Bb3 d6 8.c3 O-O 
9.d4 Bg4 10.Be3 Na5 11.dxe5 Bxf3 12.Qxf3 dxe5 13.Bc2 Nc4 14.Bc1 Nd7 15.Rd1
Nd6 16.Nd2 Bg5 17.Nf1 Bxc1 18.Raxc1 Qf6 19.Qg4 Nc5 20.Ne3 c6 21.Qh5 Qe7 
22.b4 g6 23.Qf3 Ne6 24.Ng4 f6 25.Bb3 Kg7 26.Qe3 Nf4 27.Rd2 Rad8 28.Rcd1 
Nc8 29.f3 h5 30.Nf2 g5 31.g3 Ng6 32.Nd3 Rfe8 33.Nc5 Nf8 34.Nxa6 Rxd2 35.
Qxd2 Qa7+ 36.Nc5 Nb6 37.Kg2 Re7 38.Qd6 Rc7 39.Ne6+ Nxe6 40.Qxe6 Qb8 41.Rd6
Qf8 42.Rxc6 Rxc6 43.Qxc6 Qd8 44.Bd5 1-0

[Event "18th Asian-ch"]
[Site "New Delhi IND"]
[Date "2022.11.02"]
[Round "8.42"]
[White "Dang Vu Dung"]
[Black "Schain, Randolph"]
[Result "1-0"]
[WhiteElo "2017"]
[BlackElo "2165"]
[EventDate "2022.10.26"]
[PlyCount "71"]

1.Nf3 Nf6 2.d4 d6 3.c4 g6 4.Nc3 Bg7 5.Bg5 O-O 6.Qd2 Re8 7.Rd1 c6 8.Bh6 Bh8
9.e3 Bf5 10.h3 Nbd7 11.Nh4 e6 12.Bg5 h6 13.Nxf5 exf5 14.Bxh6 Qe7 15.Bg5 
Qe6 16.d5 cxd5 17.cxd5 Qe5 18.Be2 Ne4 19.Nxe4 fxe4 20.Bf4 Qxb2 21.Qxb2 
Bxb2 22.Bxd6 Bc3+ 23.Kf1 Nf6 24.Bc7 a6 25.h4 b5 26.h5 g5 27.d6 Be5 28.d7 
Nxd7 29.Rxd7 Bxc7 30.Rxc7 Rac8 31.Rxc8 Rxc8 32.g3 Rc1+ 33.Kg2 Rc2 34.Bg4 
Rxa2 35.Bf5 Ra4 36.h6 1-0

[Event "18th Asian-ch"]
[Site "New Delhi IND"]
[Date "2022.11.03"]
[Round "9.1"]
[White "Adhiban, Baskaran"]
[Black "Praggnanandhaa, Rameshbabu"]
[Result "1/2-1/2"]
[WhiteElo "2603"]
[BlackElo "2687"]
[EventDate "2022.10.26"]
[PlyCount "125"]

1.e4 c5 2.Nf3 Nc6 3.Nc3 e5 4.Nd5 Be7 5.Bc4 Nf6 6.O-O O-O 7.c3 d6 8.Nxf6+ 
Bxf6 9.d3 Qe7 10.a3 a5 11.a4 Be6 12.Be3 Rad8 13.Qb3 Bxc4 14.Qxc4 Qe6 15.
Qxe6 fxe6 16.Ra3 b6 17.Rb3 Rb8 18.Rd1 d5 19.Kf1 Rfd8 20.Ke2 Rd7 21.h3 Bd8 
22.c4 d4 23.Bd2 Bc7 24.Ra3 Rf8 25.h4 Nd8 26.h5 h6 27.Rh1 Nf7 28.Rh4 Bd8 
29.Rg4 Bf6 30.Ra1 Kh7 31.Rh1 Rb7 32.Rh3 Rbb8 33.Rhg3 Rbe8 34.Nh2 Rc8 35.
Rf3 Rce8 36.Rgg3 Bd8 37.Rg6 Kh8 38.Rfg3 Rg8 39.Bc1 Kh7 40.Bd2 Nh8 41.R6g4 
Nf7 42.Rf3 Rgf8 43.Rgg3 Bh4 44.Rh3 Bg5 45.Ng4 Bd8 46.Rh1 Bc7 47.Rf1 Nd8 
48.Rxf8 Rxf8 49.Rh1 Nc6 50.Rh3 Bd8 51.Nh2 Bf6 52.Rf3 Be7 53.Rxf8 Bxf8 54.
Ng4 Bd6 55.g3 Bc7 56.f4 Ne7 57.Kf3 Kg8 58.fxe5 Nc6 59.Bf4 Nd8 60.Ke2 Nf7 
61.Kf3 Kf8 62.Ke2 Kg8 63.Kf3 1/2-1/2

[Event "18th Asian-ch"]
[Site "New Delhi IND"]
[Date "2022.11.03"]
[Round "9.2"]
[White "Narayanan, Sunilduth Lyna"]
[Black "Vokhidov, Shamsiddin"]
[Result "1/2-1/2"]
[WhiteElo "2663"]
[BlackElo "2568"]
[EventDate "2022.10.26"]
[PlyCount "60"]

1.d4 Nf6 2.c4 e6 3.Nf3 d5 4.Nc3 Bb4 5.cxd5 exd5 6.Bg5 h6 7.Bh4 g5 8.Bg3 
Ne4 9.Nd2 Nxg3 10.hxg3 c6 11.a3 Bf8 12.e4 dxe4 13.Ndxe4 Bg7 14.Qe2 O-O 15.
O-O-O Nd7 16.f4 gxf4 17.gxf4 Nf6 18.Qf3 Nxe4 19.Nxe4 Qd5 20.Rh5 f5 21.Ng3 
Qxf3 22.gxf3 Be6 23.Bh3 Rad8 24.Nxf5 Bxf5 25.Bxf5 Bxd4 26.Kc2 Be3 27.Rxd8 
Rxd8 28.Rxh6 Bxf4 29.Rh4 Be5 30.Re4 Bf6 1/2-1/2

[Event "18th Asian-ch"]
[Site "New Delhi IND"]
[Date "2022.11.03"]
[Round "9.3"]
[White "Harsha, Bharathakoti"]
[Black "Karthik, Venkataraman"]
[Result "1/2-1/2"]
[WhiteElo "2582"]
[BlackElo "2486"]
[EventDate "2022.10.26"]
[PlyCount "27"]

1.d4 d5 2.c4 c6 3.cxd5 cxd5 4.Bf4 Nc6 5.e3 Nf6 6.Nc3 a6 7.Be2 Bf5 8.Nf3 e6
9.Qb3 Nh5 10.Be5 Na5 11.Qa4+ Nc6 12.Qb3 Na5 13.Qa4+ Nc6 14.Qb3 1/2-1/2

[Event "18th Asian-ch"]
[Site "New Delhi IND"]
[Date "2022.11.03"]
[Round "9.4"]
[White "Sethuraman, Panayapan"]
[Black "Koustav, Chatterjee"]
[Result "1-0"]
[WhiteElo "2645"]
[BlackElo "2496"]
[EventDate "2022.10.26"]
[PlyCount "81"]

1.e4 e5 2.Nf3 Nc6 3.Bc4 Nf6 4.d3 Bc5 5.O-O d6 6.c3 a5 7.Bg5 h6 8.Bh4 Ba7 
9.Nbd2 Bd7 10.Re1 g5 11.Bg3 h5 12.h4 Nh7 13.d4 g4 14.Nh2 Qf6 15.Bb5 O-O-O 
16.Nc4 exd4 17.Bxc6 Bxc6 18.Nxa5 Bb5 19.a4 Ba6 20.b4 Bb6 21.Nb3 Bc4 22.a5 
Ba7 23.Nxd4 d5 24.e5 Qa6 25.e6 Nf6 26.Be5 Ne4 27.e7 Rde8 28.Bxh8 Rxh8 29.
Nxg4 Re8 30.Ne5 Nxc3 31.Qxh5 Bxd4 32.Qg4+ Qe6 33.Qxd4 Ne2+ 34.Rxe2 Bxe2 
35.Re1 Bb5 36.Qa7 Qa6 37.Qc5 f6 38.Rc1 Bc6 39.Nxc6 Qxc6 40.Qxc6 bxc6 41.
Re1 1-0

[Event "18th Asian-ch"]
[Site "New Delhi IND"]
[Date "2022.11.03"]
[Round "9.5"]
[White "Pranesh, Munirethinam"]
[Black "Shyam Sundar, M."]
[Result "1/2-1/2"]
[WhiteElo "2442"]
[BlackElo "2518"]
[EventDate "2022.10.26"]
[PlyCount "45"]

1.e4 c5 2.Nf3 d6 3.d4 cxd4 4.Nxd4 Nf6 5.Nc3 a6 6.Bg5 e6 7.f4 h6 8.Bh4 Nbd7
9.Qf3 e5 10.Nf5 exf4 11.Qxf4 g5 12.Nxd6+ Bxd6 13.Qxd6 gxh4 14.e5 Ng4 15.
Nd5 Qg5 16.Nc7+ Kd8 17.Nxa8 Qe3+ 18.Be2 Qf2+ 19.Kd2 Qe3+ 20.Ke1 Qf2+ 21.
Kd2 Qe3+ 22.Ke1 Qf2+ 23.Kd2 1/2-1/2

[Event "18th Asian-ch"]
[Site "New Delhi IND"]
[Date "2022.11.03"]
[Round "9.6"]
[White "Aravindh, Chithambaram"]
[Black "Atabaev, Maksat"]
[Result "1-0"]
[WhiteElo "2625"]
[BlackElo "2475"]
[EventDate "2022.10.26"]
[PlyCount "105"]

1.c4 e5 2.Nc3 Nf6 3.g3 Nc6 4.Bg2 Bc5 5.a3 O-O 6.e3 Re8 7.b4 Bd4 8.Nge2 
Bxc3 9.Nxc3 d6 10.Nd5 Nxd5 11.cxd5 Ne7 12.d4 Nf5 13.O-O Bd7 14.a4 Qf6 15.
dxe5 dxe5 16.Bb2 Qb6 17.Qd2 Qh6 18.Rfc1 Rac8 19.Rc5 Re7 20.Qc2 Qd6 21.Rc1 
g6 22.Rxc7 Rxc7 23.Qxc7 Bxa4 24.Qa5 Qa6 25.Rc8+ Be8 26.Qxa6 bxa6 27.Rd8 
Ng7 28.Bf1 f6 29.Bxa6 Rc7 30.b5 Rd7 31.Rxd7 Bxd7 32.Ba3 Ne8 33.d6 Kf7 34.
e4 f5 35.exf5 gxf5 36.Bc5 Ke6 37.Bxa7 Nxd6 38.b6 Bc6 39.Bb8 Nb7 40.f4 exf4
41.Bxf4 Nc5 42.Bc8+ Kf6 43.Kf2 h5 44.Ke3 Nb7 45.Kd4 Bf3 46.Bd7 Be4 47.Be8 
Bf3 48.Ke3 Ke7 49.Bb5 Bh1 50.Be2 Na5 51.Kd4 Ke6 52.Bxh5 Nb3+ 53.Kc3 1-0

[Event "18th Asian-ch"]
[Site "New Delhi IND"]
[Date "2022.11.03"]
[Round "9.7"]
[White "Raja Rithvik, R."]
[Black "Karthikeyan, Murali"]
[Result "1/2-1/2"]
[WhiteElo "2470"]
[BlackElo "2623"]
[EventDate "2022.10.26"]
[PlyCount "60"]

1.d4 Nf6 2.c4 g6 3.g3 c6 4.Bg2 d5 5.cxd5 cxd5 6.Nf3 Bg7 7.O-O O-O 8.Nc3 
Nc6 9.Ne5 Bf5 10.Nxc6 bxc6 11.Bf4 Nd7 12.Rc1 Rc8 13.Na4 e5 14.dxe5 Nxe5 
15.Be3 Qd7 16.Nc5 Qe7 17.Bd4 Nd3 18.Nxd3 Bxd4 19.Qa4 Qf6 20.Nb4 Bd7 21.
Rcd1 Bb6 22.Nxd5 cxd5 23.Qxd7 Rc2 24.Bf3 Rd8 25.Qa4 Rxb2 26.Rxd5 Rxd5 27.
Qe8+ Kg7 28.Bxd5 h5 29.Qe4 Rd2 30.Bb3 Rd4 1/2-1/2

[Event "18th Asian-ch"]
[Site "New Delhi IND"]
[Date "2022.11.03"]
[Round "9.8"]
[White "Zhumabaev, Rinat"]
[Black "Samant Aditya, S."]
[Result "1/2-1/2"]
[WhiteElo "2620"]
[BlackElo "2467"]
[EventDate "2022.10.26"]
[PlyCount "119"]

1.d4 Nf6 2.c4 e6 3.Nf3 Bb4+ 4.Nbd2 b6 5.a3 Bxd2+ 6.Qxd2 d5 7.e3 Ba6 8.b3 
O-O 9.Bd3 c5 10.Bb2 dxc4 11.bxc4 Nc6 12.O-O Na5 13.Qe2 Rc8 14.Rac1 Qe7 15.
Rfd1 Rfd8 16.Ne5 Bb7 17.f3 Nc6 18.f4 Na5 19.f5 Be4 20.fxe6 fxe6 21.Bxe4 
Nxe4 22.d5 Rf8 23.Rf1 exd5 24.cxd5 Nb7 25.Nc6 Qg5 26.Nxa7 Rce8 27.Nb5 
Rxf1+ 28.Rxf1 Ned6 29.Nc7 Qxe3+ 30.Qxe3 Rxe3 31.Ne6 Nf7 32.Nxg7 Rb3 33.Ba1
Nbd6 34.Nh5 h6 35.a4 Kf8 36.Re1 Rb4 37.Nf6 Rxa4 38.Nd7+ Kg8 39.Nxb6 Ra7 
40.Bf6 Kh7 41.Re6 Rb7 42.Na4 c4 43.h4 Rb1+ 44.Kf2 Rd1 45.Nc3 Rd3 46.g4 h5 
47.g5 Nf5 48.Ne4 Nxh4 49.Bc3 Ng6 50.Nf6+ Kg7 51.Nxh5+ Kh7 52.Nf6+ Kg7 53.
Ne4+ Kh7 54.d6 Nf4 55.Re7 Kg6 56.d7 Nh3+ 57.Ke2 Nhxg5 58.Nxg5 Nxg5 59.Ba5 
Nf7 60.Rxf7 1/2-1/2

[Event "18th Asian-ch"]
[Site "New Delhi IND"]
[Date "2022.11.03"]
[Round "9.9"]
[White "Bilguun, Sumiya"]
[Black "Puranik, Abhimanyu"]
[Result "0-1"]
[WhiteElo "2467"]
[BlackElo "2603"]
[EventDate "2022.10.26"]
[PlyCount "140"]

1.e4 c5 2.Nc3 d6 3.f4 g6 4.Nf3 Bg7 5.Bc4 Nc6 6.O-O e6 7.d4 Nxd4 8.Be3 Nf6 
9.Nxd4 cxd4 10.Bxd4 O-O 11.Kh1 a6 12.a4 Qc7 13.Bb3 Bd7 14.a5 Bc6 15.f5 Qe7
16.Qd3 Rad8 17.Rae1 Rfe8 18.Qd2 Kh8 19.Bb6 Rc8 20.Bd4 gxf5 21.exf5 e5 22.
Bb6 Rg8 23.Re2 Ng4 24.Bd5 Bh6 25.Qe1 Nf6 26.Bf3 Qd7 27.Qd1 Rg7 28.Rff2 Ng4
29.Rf1 Nf6 30.Rff2 Rcg8 31.Qd3 Bxf3 32.Qxf3 Bf4 33.Rf1 d5 34.Rd1 Qxf5 35.
Nxd5 Nxd5 36.Rxd5 Qe6 37.Rd1 Qh6 38.Bg1 f5 39.Rf1 Qh4 40.Qf2 Rg3 41.Qb6 
R3g7 42.Qf2 Qd8 43.Qc5 Rc7 44.Qb4 Rd7 45.Rxf4 exf4 46.Qxf4 Rd5 47.c3 Rg4 
48.Bd4+ Kg8 49.Qf3 Rxa5 50.h3 Re4 51.Rxe4 fxe4 52.Qg4+ Rg5 53.Qe6+ Kf8 54.
Bf6 Rg6 55.Qxe4 Rxf6 56.Kg1 Qe7 57.Qd4 b5 58.b4 Qd6 59.Qe4 h6 60.Qh7 Re6 
61.Qf5+ Ke7 62.Qh7+ Kd8 63.Qg8+ Re8 64.Qa2 Qd3 65.Kh2 Kd7 66.Qf2 Qd6+ 67.
Kg1 Kc8 68.h4 Qe5 69.Kf1 Qxc3 70.g3 Qd3+ 0-1

[Event "18th Asian-ch"]
[Site "New Delhi IND"]
[Date "2022.11.03"]
[Round "9.10"]
[White "Viani, Antonio Dcunha"]
[Black "Mendonca, Leon Luke"]
[Result "1-0"]
[WhiteElo "2342"]
[BlackElo "2558"]
[EventDate "2022.10.26"]
[PlyCount "75"]

1.e4 c5 2.Nf3 d6 3.d4 cxd4 4.Nxd4 Nf6 5.Nc3 Nc6 6.f3 e5 7.Nb3 Be7 8.Be3 
O-O 9.Qd2 Be6 10.O-O-O a5 11.Bb5 Nb4 12.a3 Na6 13.Kb1 Nc7 14.Bb6 Qc8 15.
Bxa5 Nxb5 16.Nxb5 Bc4 17.Qb4 Qc6 18.Nc7 Rxa5 19.Qxa5 Rc8 20.Nd5 Bxd5 21.
exd5 Qxc2+ 22.Ka2 Qxg2 23.Rc1 Re8 24.Rhf1 Qxh2 25.Qb5 h5 26.Qxb7 h4 27.a4 
Qf4 28.Qb5 h3 29.a5 Ra8 30.a6 h2 31.Rc7 Bf8 32.Qc6 Rd8 33.a7 Qe3 34.a8=Q 
Rxa8+ 35.Qxa8 Qg1 36.Rcc1 Qg2 37.Qa5 Nh5 38.Qd2 1-0

[Event "18th Asian-ch"]
[Site "New Delhi IND"]
[Date "2022.11.03"]
[Round "9.11"]
[White "Urazaev, Arystanbek"]
[Black "Sankalp, Gupta"]
[Result "1/2-1/2"]
[WhiteElo "2458"]
[BlackElo "2502"]
[EventDate "2022.10.26"]
[PlyCount "75"]

1.d4 Nf6 2.c4 e6 3.Nf3 d5 4.Nc3 Bb4 5.Bg5 h6 6.Bxf6 Qxf6 7.Qa4+ Nc6 8.e3 
O-O 9.Rc1 Rd8 10.Be2 dxc4 11.Qb5 Bd6 12.Qxc4 Bd7 13.O-O Qe7 14.Ne4 Be8 15.
Nc5 b6 16.Nb7 Na5 17.Nxa5 bxa5 18.Qa6 a4 19.Bb5 Rdb8 20.Bc6 Rb6 21.Qxb6 
axb6 22.Bxa8 Bb5 23.Rfd1 Qe8 24.Be4 f5 25.Bd3 Bxd3 26.Rxd3 Qb5 27.Rd2 Qd5 
28.a3 g5 29.Rcc2 b5 30.Ne5 Kg7 31.Nd3 h5 32.h3 h4 33.Nb4 Qe4 34.Na2 Qd5 
35.Nb4 Qe4 36.Na2 Qd5 37.Nb4 Qe4 38.Na2 1/2-1/2

[Event "18th Asian-ch"]
[Site "New Delhi IND"]
[Date "2022.11.03"]
[Round "9.12"]
[White "Pranav, Anand"]
[Black "Atabaev, Saparmyrat"]
[Result "1-0"]
[WhiteElo "2502"]
[BlackElo "2433"]
[EventDate "2022.10.26"]
[PlyCount "111"]

1.d4 d5 2.c4 dxc4 3.e3 Nf6 4.Bxc4 e6 5.Nf3 a6 6.O-O c5 7.e4 b5 8.Be2 Bb7 
9.a4 b4 10.e5 Nfd7 11.Bg5 Be7 12.Bxe7 Qxe7 13.Nbd2 O-O 14.Nc4 Rd8 15.Rc1 
Bd5 16.Ne3 Be4 17.d5 Bxf3 18.d6 Qg5 19.Bxf3 Ra7 20.Kh1 Qxe5 21.Nc4 Qf6 22.
Qe2 Rc8 23.a5 Qd8 24.Qe3 h6 25.Be4 Nc6 26.Nb6 Nxb6 27.axb6 Qxb6 28.Qxc5 
Qxc5 29.Rxc5 Rd7 30.Rxc6 Rxc6 31.Bxc6 Rxd6 32.Ba4 Rd2 33.b3 g5 34.Kg1 a5 
35.Rc1 Kg7 36.Kf1 Rd5 37.Rc7 g4 38.Be8 Rf5 39.Rb7 Kf8 40.Ba4 Rc5 41.Rb5 
Rc1+ 42.Ke2 Rh1 43.Rxa5 Rxh2 44.Bc6 Ke7 45.Rb5 Kd6 46.Ba8 h5 47.Rxb4 f5 
48.Rd4+ Ke5 49.Rd1 f4 50.b4 f3+ 51.gxf3 g3 52.Rf1 h4 53.b5 h3 54.b6 g2 55.
Rg1 Kf6 56.f4 1-0

[Event "18th Asian-ch"]
[Site "New Delhi IND"]
[Date "2022.11.03"]
[Round "9.13"]
[White "Sammed Jaykumar, Shete"]
[Black "Vignesh, N. R."]
[Result "0-1"]
[WhiteElo "2408"]
[BlackElo "2486"]
[EventDate "2022.10.26"]
[PlyCount "66"]

1.e4 c5 2.Nf3 d6 3.d4 cxd4 4.Nxd4 Nf6 5.Nc3 a6 6.Qd3 e5 7.Nf5 Bxf5 8.exf5 
Nbd7 9.Be3 d5 10.Nxd5 Qa5+ 11.Nc3 Nc5 12.Bxc5 Bxc5 13.Be2 e4 14.Qg3 O-O 
15.O-O Rad8 16.Bc4 Bd4 17.Qh3 Rc8 18.Bb3 Bxc3 19.bxc3 Rxc3 20.f3 Qc5+ 21.
Kh1 h5 22.Rae1 Rd8 23.Qg3 e3 24.Qf4 Rd2 25.Qb8+ Kh7 26.Bxf7 Qxf5 27.Bb3 h4
28.Qxb7 h3 29.g3 Rcxc2 30.Bxc2 Qxc2 31.Qb1 Rxh2+ 32.Kg1 Rg2+ 33.Kh1 Qxb1 
0-1

[Event "18th Asian-ch"]
[Site "New Delhi IND"]
[Date "2022.11.03"]
[Round "9.14"]
[White "Abdisalimov, Abdimalik"]
[Black "Yakubboev, Nodirbek"]
[Result "0-1"]
[WhiteElo "2457"]
[BlackElo "2663"]
[EventDate "2022.10.26"]
[PlyCount "60"]

1.e4 e5 2.Nf3 Nc6 3.Bb5 Nge7 4.O-O g6 5.c3 a6 6.Ba4 b5 7.Bb3 Bg7 8.d4 exd4
9.cxd4 O-O 10.d5 Na5 11.Bd2 c5 12.d6 Nec6 13.Bd5 Bxb2 14.Nc3 Bb7 15.Bg5 
Qb6 16.Qd2 Bxc3 17.Qxc3 Nd4 18.Nxd4 cxd4 19.Qd2 Rfe8 20.Qf4 Bxd5 21.exd5 
Nc4 22.Be7 d3 23.Rac1 Rac8 24.Rcd1 d2 25.h4 Qc5 26.Qg5 Qd4 27.h5 Rc5 28.
Qg3 Rxd5 29.Qh3 Rf5 30.g4 Rf4 0-1

[Event "18th Asian-ch"]
[Site "New Delhi IND"]
[Date "2022.11.03"]
[Round "9.15"]
[White "Nigmatov, Ortik"]
[Black "Pranav, V."]
[Result "0-1"]
[WhiteElo "2433"]
[BlackElo "2530"]
[EventDate "2022.10.26"]
[PlyCount "136"]

1.e4 e5 2.Nf3 Nc6 3.Bb5 a6 4.Ba4 d6 5.O-O Bd7 6.c3 g6 7.d4 Bg7 8.Re1 Nge7 
9.dxe5 dxe5 10.Be3 O-O 11.Nbd2 Qe8 12.Bc5 b6 13.Ba3 Rb8 14.Qe2 b5 15.Bb3 
a5 16.Bc5 a4 17.Bc2 Nd8 18.Qe3 Ne6 19.Ba3 f6 20.b3 Qf7 21.bxa4 bxa4 22.
Rab1 Ra8 23.g3 Rfe8 24.Bd3 Nd8 25.Nc4 Be6 26.Nfd2 Nec6 27.Rb5 Qd7 28.Reb1 
Nf7 29.Bf1 Rad8 30.R1b2 f5 31.Rb7 Bh6 32.Qe2 Qc8 33.Bc5 f4 34.f3 Bf8 35.
Bxf8 Rxf8 36.R7b5 fxg3 37.hxg3 Bh3 38.Rd5 Ng5 39.Ne3 a3 40.Rbb5 Be6 41.
Rxd8 Qxd8 42.Nd5 Ne7 43.Nxe7+ Qxe7 44.Rxe5 Nf7 45.Ra5 Bxa2 46.Nc4 Bxc4 47.
Qxc4 Rb8 48.f4 h5 49.Ra7 Rb1 50.e5 Kg7 51.e6 Nd6 52.Qd4+ Kh7 53.Qc5 Kg8 
54.Ra8+ Kh7 55.Qe5 Ne8 56.f5 Nf6 57.fxg6+ Kg7 58.Ra7 Kxg6 59.Ra5 c5 60.
Rxa3 Qb7 61.Qf4 Re1 62.Kf2 Rxf1+ 63.Kxf1 Qb1+ 64.Kg2 Qb2+ 65.Kh3 Qxa3 66.
Qc7 Qa8 67.Qf7+ Kf5 68.Kh2 Qa2+ 0-1

[Event "18th Asian-ch"]
[Site "New Delhi IND"]
[Date "2022.11.03"]
[Round "9.16"]
[White "Srihari, L. R."]
[Black "Sengupta, Deep"]
[Result "0-1"]
[WhiteElo "2436"]
[BlackElo "2497"]
[EventDate "2022.10.26"]
[PlyCount "88"]

1.d4 d6 2.Nf3 Nf6 3.g3 g6 4.Bg2 Bg7 5.c4 O-O 6.Nc3 c5 7.d5 e6 8.O-O Re8 9.
Re1 exd5 10.cxd5 Nbd7 11.Bf4 Ng4 12.Qd2 Nde5 13.Nxe5 Nxe5 14.b3 a6 15.h3 
b5 16.Rac1 b4 17.Na4 a5 18.Bh6 Bh8 19.f4 Nd7 20.e4 Nb6 21.e5 Nxa4 22.bxa4 
dxe5 23.Rxc5 Bd7 24.d6 Qb6 25.Qf2 e4 26.Rxe4 Rxe4 27.Bxe4 Re8 28.Bg2 Qxd6 
29.Rd5 Qc7 30.Rc5 Qb6 31.Rd5 Qxf2+ 32.Kxf2 Be6 33.Rxa5 Bxa2 34.Bc6 Rb8 35.
f5 b3 36.Bd5 Bd4+ 37.Kf3 Bb1 38.Bf4 Rc8 39.Rb5 b2 40.fxg6 Bxg6 41.Ba2 Rc3+
42.Kg4 h5+ 43.Kh4 Ra3 44.Rb8+ Kg7 0-1

[Event "18th Asian-ch"]
[Site "New Delhi IND"]
[Date "2022.11.03"]
[Round "9.17"]
[White "Tologon, Tegin Semetei"]
[Black "Shyaamnikhil, P."]
[Result "1/2-1/2"]
[WhiteElo "2382"]
[BlackElo "2489"]
[EventDate "2022.10.26"]
[PlyCount "92"]

1.e4 c5 2.Nf3 d6 3.d4 cxd4 4.Nxd4 Nf6 5.Nc3 a6 6.a3 e5 7.Nf3 Be7 8.Bg5 
Nbd7 9.Bc4 h6 10.Bxf6 Nxf6 11.Qd3 Be6 12.Nd5 Rc8 13.Nxf6+ Bxf6 14.Bxe6 
fxe6 15.O-O-O Qc7 16.Rd2 Ke7 17.g4 g6 18.Rhd1 Rcd8 19.Qe3 Kf7 20.Kb1 Be7 
21.Rd3 b5 22.g5 h5 23.Ng1 Rc8 24.R1d2 Qc5 25.Qg3 Kg7 26.h4 Rhf8 27.Rc3 Qa7
28.Rxc8 Rxc8 29.Qh3 Kf7 30.Rd3 Qc7 31.Rf3+ Kg7 32.Rc3 Qd7 33.Ne2 Rxc3 34.
Qxc3 Qb7 35.Qe3 Bd8 36.f4 Bb6 37.Qd3 Qc7 38.f5 Bf2 39.Qf3 Bxh4 40.fxg6 
Bxg5 41.Qxh5 Bh6 42.Qg4 Qe7 43.Ng3 Bg5 44.Qh5 Bh6 45.Qg4 Bg5 46.Qh5 Bh6 
1/2-1/2